000 00559nam a2200217Ia 4500
005 20241129120320.0
008 241129s9999||||xx |||||||||||||| ||und||
020 _a9788183614580
037 _aTB
040 _aSDCL
_beng
_cSDCL
041 _ahin
_2hin
084 _aO152,1JO:g Q8
_qSDCL
100 _aSingh Sukhdev
_9301442
245 0 _aRaidas Bani
260 _aDelhi
_bRadhakrishna prakashan India
_c2018
300 _a303p
365 _aINR
_b695
650 _aHindi
942 _cTB
_hO152,1JO:g Q8
999 _c1234300
_d1234300